000 00929nam a22002417a 4500
005 20240530110444.0
008 150426s2005 ua fk f b 000 0 ara d
017 _a2005/21216
_bمصر . دار الكتب المصرية
020 _a9770199974
040 _aEG-CaGPL
082 0 4 _221
_a610.932
_bق/م ف
100 0 _aمحمد عبدالحميد بسيونى
245 1 2 _aالفراعنة و الطب الحديث /
_cتاليف محمد عبدالحميد بسيونى
260 _aالقاهرة :
_bالهيئة المصرية العامة للكتاب ،
_c2005 .
300 _a474 ص :
_bايض ؛
_c24 سم
504 _aببليوجرافية : ص 469 -471
600 0 4 _aتوت عنخ امون
650 0 4 _aالحضارة الفرعونية
650 0 4 _aالاثار الفرعونية
651 0 4 _aمصر القديمة
_xتاريخ
942 _2ddc
_cBK
999 _c61103
_d61103